00314nam a2200109Ia 4500008004100000041000800041100001900049245007700068260003100145300000800176700002000184250110s9999 xx 000 0 und d aeng aWaghray Ankita aLandscape Design Strategies To Improve Soundscape Quality In Urban Parks bBNCA M Arch LA, Punec2017 a37p aGuide Name:BNCA